00445nam a2200169Ia 4500003000400000008004100004040001600045082001300061100002200074245006600096260003400162300001000196650000900206650001600215650002000231650002400251GCL140319s9999 xx 000 0 eng d aGCL / cGCL04a770bB W1 aBROTHERS CARALINE10aWAR AND PHOTOGRAPHY: A CULTURAL HISTORY / cBROTHERS CARALINE a[S.N] : bROUTLEDGE ، c1997 a271 P04aARTS04aPHOTOGRAPHY04aWAR PHOTOGRAPHY04aART AND PHOTOGRAPHY